| 000 | 00365nam a22001577a 4500 | ||
|---|---|---|---|
| 003 | SGT | ||
| 020 | _a9789352869169 | ||
| 082 | _a621.39,CHE | ||
| 100 | _aCHEN,DANIEL.Y. | ||
| 245 | _aPANDAS FOR EVERYONE:PYTHON DATA ANALYSIS | ||
| 250 | _a3RD | ||
| 260 |
_aCHENNAI _bPEARSON _c2019 |
||
| 300 | _a376 | ||
| 650 | _aCOMPUTER ENGINEERING | ||
| 942 |
_2ddc _cBK _017 |
||
| 999 |
_c18319 _d18319 |
||